00514nam a2200169 a 450000100100000000300100001000500170002000800410003704000220007808200200010010000180012024500610013826000380019930000370023765000350027465000350030900001732300001732320170118100043.0100322s1986 dr ac 000 0 spa d aBPMSUbspacBPMSU04aRD863.44bS572c1 aSierra, Jimmy13aLa ciudad de los fantasmas de chocolate /cJimmy Sierra. aSanto Domingo :bCorripio,c1986. a123 p. :bils., retrs. ;c24 cm. 4aCUENTOS INFANTILES DOMINICANOS 4aLITERATURA INFANTIL DOMINICANA